| 000 | 00523cam a2200181 a 4500 | ||
|---|---|---|---|
| 020 | _a0697152480 | ||
| 040 | _cDLC | ||
| 082 | 0 | 0 | _a372 BRO 1995 A011 Or. |
| 100 | 1 | _aKirchner, Glenn. | |
| 245 | 1 | 0 | _aPhysical education for elementary school children / |
| 250 | _a9th ed. | ||
| 260 |
_aMadison, Wis. : _bBrown & Benchmark, _cc1995. |
||
| 300 |
_axv, 620 p. : _bill. ; _c29 cm. |
||
| 650 | 0 | _aPhysical education for children. | |
| 650 | 0 | _aPhysical education for children | |
| 700 | 1 | _aFishburne, Graham J. | |
| 942 | _cEK | ||
| 999 |
_c13445 _d13445 |
||